| 000 | 01047nam a2200229Ia 4500 | ||
|---|---|---|---|
| 999 |
_c40357 _d40357 |
||
| 001 | 6965 | ||
| 003 | GE_BSU | ||
| 005 | 20190530142229.0 | ||
| 008 | 181216s1972||||ge |||||||||||||| ||geo|| | ||
| 040 | _cGE_BSU | ||
| 041 | _ageo | ||
| 080 | _a547+547.64(075.8) ჩ-71 | ||
| 100 |
_aჩიჩიბაბინი, ა.ე. _91828 |
||
| 245 |
_aორგანული ქიმიის ძირითადი საწყისები. ტ.1. სახელმძღვ. / _cა.ე. ჩიჩიბაბინი ; ი. გვერდწითელის რედაქციით. |
||
| 250 | _aთარგმ. მეშვიდე გამ-დან. | ||
| 264 |
_aთბილისი : _bუნ-ტის გამ-ბა, _c1972. |
||
| 300 |
_a794 გვ .: _c26 სმ. |
||
| 653 | _aორგანული ქიმიის ძირითადი საწყისები | ||
| 653 | _aქიმია | ||
| 700 |
_aგვერდწითელი, ი _eრედაქციით _91829 |
||
| 942 |
_cBK _2udc |
||